[Event "40th Olympiad Open"]
[Site "Istanbul TUR"]
[Date "2012.09.03"]
[Round "6.6"]
[White "Li Chao2"]
[Black "Kadric,D"]
[Result "1-0"]
[WhiteElo "2665"]
[BlackElo "2418"]

1.d4 Nf6 2.c4 g6 3.Nc3 Bg7 4.e4 d6 5.Nf3 O-O 6.Be2 e5 7.Be3 Nbd7 8.O-O Qe7
9.Qc2 c6 10.Rad1 b6 11.Rfe1 Bb7 12.Bf1 Rfc8 13.Qb1 Ng4 14.Bg5 Bf6 15.Bxf6 Ngxf6
16.b4 c5 17.Nd5 Nxd5 18.exd5 cxd4 19.Nxd4 a5 20.a3 Qf8 21.Nb3 axb4 22.axb4 Qd8
23.Qb2 Rab8 24.Qd2 Rc7 25.Ra1 Qc8 26.Rec1 Ba6 27.Qc3 Nf6 28.Qd3 Ra8 29.Qe3 Nd7
30.f4 Bb7 31.Rxa8 Bxa8 32.fxe5 Nxe5 33.Qxb6 Nxc4 34.Qb5 Ne5 35.Rxc7 Qxc7
36.Qe8+ Kg7 37.Qxa8 Qc3 38.Qa2 Qe3+ 39.Kh1 Ng4 40.h3 Nf2+ 41.Kh2 Ne4 42.Qe2 Ng3
43.Qb2+ f6 44.Bc4 Nf5 45.Qe2 Qf4+ 46.Kg1 Ne3 47.Nd2  1-0

[Event "40th Olympiad Open"]
[Site "Istanbul TUR"]
[Date "2012.09.03"]
[Round "6.31"]
[White "Abdyjapar,Asyl"]
[Black "Ferreira,Jor1"]
[Result "1/2-1/2"]
[WhiteElo "2365"]
[BlackElo "2338"]

1.d4 Nf6 2.c4 g6 3.Nc3 Bg7 4.e4 d6 5.Nf3 O-O 6.Be2 e5 7.Be3 Nbd7 8.O-O Qe7
9.d5 Ng4 10.Bg5 f6 11.Bh4 c5 12.a3 Nh6 13.Nd2 Nb8 14.b4 Na6 15.Rb1 Bd7 16.f3 b6
17.b5 Nc7 18.a4 Nf7 19.a5 Bh6 20.Bf2 f5 21.Ra1 Bf4 22.Re1 Ng5 23.Ra2 Qg7
24.Bd3 Nf7 25.Nf1 Qf6 26.Qc2 Bg5 27.Rea1 Rab8 28.axb6 axb6 29.Ra7 Rfc8 30.exf5 gxf5
31.Ng3 Nh6 32.R1a2 Qf8 33.Qb1 Kh8 34.Na4 Qf6 35.Qe1 Qd8 36.Qc3 Bf6 37.Nh5 Bh4
38.g3 Be8 39.Nf4 Bf6 40.Ne6 Nxe6 41.dxe6 Ra8 42.Rxa8 Rxa8 43.Qd2 Bg5 44.Qc2 Bg6
45.Nc3 Rxa2 46.Qxa2 Qe8 47.Nd5 Qxe6 48.Be2 f4 49.Qa8+ Kg7 50.Qb7+ Nf7 51.Nxb6 e4
52.Qd5 Qe7 53.Nc8 Qc7 54.Qa8 fxg3 55.hxg3 exf3 56.b6 Qd7 57.Bf1  1/2-1/2

[Event "40th Olympiad Open"]
[Site "Istanbul TUR"]
[Date "2012.09.03"]
[Round "6.60"]
[White "Bae,Junggi"]
[Black "Valdes,R"]
[Result "0-1"]
[WhiteElo "1730"]
[BlackElo "2139"]

1.d4 Nf6 2.c4 g6 3.Nc3 Bg7 4.e4 d6 5.Nf3 O-O 6.Be2 e5 7.dxe5 dxe5 8.Qxd8 Rxd8
9.Bg5 Re8 10.Nd5 Nxd5 11.cxd5 c6 12.Bc4 cxd5 13.Bxd5 Nd7 14.Rc1 h6 15.Bh4 g5
16.Bg3 Nf6 17.Rd1 Nxd5 18.Rxd5 Be6 19.Ra5 b6 20.Ra3 Bf8 21.Re3 Bb4+ 22.Kf1 Rac8
23.Ne1 Rc1 24.Ke2 Bc4+ 25.Kf3 h5 26.h3 f5 27.Bxe5 Rxe5 28.Nd3 fxe4+ 29.Rxe4 Rf5+
30.Ke3 Rxh1 31.Rxc4 Bc5+ 32.Ke4 Rf7 33.Nxc5 Rf4+ 34.Kd3 Rxc4 35.Kxc4 Rc1+  0-1

[Event "40th Olympiad Open"]
[Site "Istanbul TUR"]
[Date "2012.09.03"]
[Round "6.25"]
[White "Barileng,G"]
[Black "Popovic,Du"]
[Result "0-1"]
[WhiteElo "2151"]
[BlackElo "2579"]

1.Nf3 Nf6 2.c4 g6 3.Nc3 Bg7 4.e4 d6 5.d4 O-O 6.Be2 e5 7.O-O exd4 8.Nxd4 Re8
9.f3 c6 10.Kh1 Nh5 11.f4 Qh4 12.Bxh5 Qxh5 13.Nf3 Qc5 14.Qd3 Be6 15.b3 d5
16.Be3 dxc4 17.Qd2 Qa5 18.Bd4 f6 19.f5 Bf7 20.fxg6 Bxg6 21.Nh4 Qg5 22.Qf2 cxb3
23.axb3 Nd7 24.Nxg6 hxg6 25.Rxa7 Rxa7 26.Bxa7 Ne5 27.Be3 Ng4 28.Bxg5 Nxf2+
29.Rxf2 fxg5 30.Rf3 g4 31.Rd3 Bxc3 32.Rxc3 Rxe4 33.h3 gxh3 34.Rxh3 Kg7 35.Rd3 Kf6
36.Kh2 Ke6 37.Rg3 Kf5 38.Rd3 Re6 39.Kg3 Ke5 40.Kg4 c5 41.Kg5 b5 42.g4 c4
43.bxc4 bxc4 44.Re3+ Kd5 45.Rxe6 Kxe6 46.Kxg6 c3  0-1

[Event "World Youth U16 Olympiad 2012"]
[Site "Istanbul TUR"]
[Date "2012.09.03"]
[Round "7.6"]
[White "Kowsarinia,A"]
[Black "Kumic,F"]
[Result "1-0"]
[WhiteElo "2319"]
[BlackElo "2230"]

1.d4 Nf6 2.c4 g6 3.Nc3 Bg7 4.e4 d6 5.Be2 O-O 6.Nf3 e5 7.d5 a5 8.Bg5 Na6 9.Nd2 h6
10.Bh4 Qe8 11.O-O Nh7 12.Bg4 Bxg4 13.Qxg4 h5 14.Qg3 Bh6 15.f4 exf4 16.Qf3 Qe5
17.Qe2 Rae8 18.Rae1 Qg7 19.Nf3 Nc5 20.Bf2 b6 21.Qc2 Ng5 22.Nd4 Qh8 23.h4 Nh7
24.Nc6 Qf6 25.Nb5 Na6 26.Qb3 Bg7 27.Re2 g5 28.hxg5 Qxg5 29.Qh3 Nf6 30.Bh4 Qg6
31.Rxf4 Kh7 32.Qf3 Ng4 33.Rf5 f6 34.Ncd4 Bh6 35.Ne6 Rf7 36.Bg3 Rg8 37.Bf4 Ne5
38.Qxh5 Qxh5 39.Rxh5 Rg6 40.Re3 Ng4 41.Rg3 f5 42.exf5  1-0

[Event "World Youth U16 Olympiad 2012"]
[Site "Istanbul TUR"]
[Date "2012.09.03"]
[Round "8.1"]
[White "Melzer,Patrik"]
[Black "Nazarov,R"]
[Result "1/2-1/2"]
[WhiteElo "2108"]
[BlackElo "2108"]

1.Nf3 Nf6 2.c4 g6 3.Nc3 Bg7 4.e4 d6 5.d4 O-O 6.Be2 e5 7.dxe5 dxe5 8.Qxd8 Rxd8
9.Bg5 Re8 10.Nd5 Nxd5 11.cxd5 c6 12.Bc4 cxd5 13.Bxd5 Nc6 14.Bxc6 bxc6 15.O-O-O Be6
16.Kb1 f5 17.Nd2 f4 18.f3 h6 19.Bh4 g5 20.Bf2 Red8 21.Nb3 Bxb3 22.axb3 Bf8
23.Rxd8 Rxd8 24.Kc2 a6 25.Rd1 Rxd1 26.Kxd1 Kf7 27.Kc2 Ke6 28.Kc3 Kd7 29.b4 Bd6
30.Bb6 Bc7 31.Bc5 Bd6 32.Bb6 Bc7 33.Bc5 Bd6 34.Bb6  1/2-1/2

[Event "World Youth U16 Olympiad 2012"]
[Site "Istanbul TUR"]
[Date "2012.09.03"]
[Round "8.9"]
[White "Naoum,S"]
[Black "Cabarkapa,N"]
[Result "0-1"]
[WhiteElo "2146"]
[BlackElo "2282"]

1.d4 Nf6 2.c4 g6 3.Nc3 Bg7 4.e4 d6 5.Nf3 O-O 6.Be2 e5 7.O-O c6 8.Be3 exd4
9.Bxd4 Qe7 10.Bd3 Nbd7 11.b4 Rd8 12.Re1 Ne5 13.h3 Nh5 14.Be2 Nf4 15.Rc1 Nxe2+
16.Nxe2 Nxf3+ 17.gxf3 Bxh3 18.Bxg7 Qg5+ 19.Ng3 Kxg7 20.Qd4+ Kg8 21.Qe3 Qxe3
22.fxe3 Be6 23.a3 a5 24.b5 cxb5 25.cxb5 Rac8 26.Ne2 Kf8 27.Nd4 Ke7 28.Kf2 Rxc1
29.Rxc1 Rc8 30.Rxc8 Bxc8 31.Nb3 a4 32.Nd4 Kd8 33.b6 Bd7 34.Ne2 Bc6 35.Nc3 Ke7
36.Kg3 f6 37.f4 Kf7 38.Kh4 Kg7 39.Kg4 Bxe4 40.Nb5 f5+ 41.Kh4 Kf6 42.Nxd6 h6
43.Nc4 g5+ 44.Kg3 g4 45.Nd2 Bd3 46.Kh4 Ke6 47.Kh5 Be2 48.Kh4 Kd5 49.Kg3 Bd3
50.Kh4 Kc6 51.Kh5 g3 52.Kh4 g2 53.Nf3 Be4  0-1

[Event "14th Trieste Open A"]
[Site "Trieste ITA"]
[Date "2012.09.03"]
[Round "4"]
[White "Kuljasevic,D"]
[Black "Boscolo,F"]
[Result "1-0"]
[WhiteElo "2555"]
[BlackElo "2330"]

1.d4 Nf6 2.c4 g6 3.Nc3 Bg7 4.e4 d6 5.Nf3 O-O 6.Be2 e5 7.O-O exd4 8.Nxd4 Re8
9.f3 c6 10.Kh1 Nbd7 11.Be3 a6 12.Nc2 Ne5 13.b3 b5 14.c5 dxc5 15.Bxc5 Nfd7
16.Bd4 Bb7 17.f4 c5 18.Bxe5 Nxe5 19.fxe5 Bxe5 20.Qe1 b4 21.Rd1 Qg5 22.Nd5 f5
23.Nce3 Kh8 24.Nc4 Rad8 25.Nxe5 Rxe5 26.Qf2 Rxe4 27.Bc4 f4 28.Qb2+ Re5 29.Rde1  1-0

[Event "FSIM Sept 2012"]
[Site "Budapest HUN"]
[Date "2012.09.04"]
[Round "4.4"]
[White "Sadilek,P"]
[Black "Brustkern,J"]
[Result "1-0"]
[WhiteElo "2262"]
[BlackElo "2248"]

1.d4 Nf6 2.c4 g6 3.Nc3 Bg7 4.e4 d6 5.Nf3 O-O 6.Be2 Nbd7 7.O-O e5 8.Be3 Re8
9.d5 Nh5 10.g3 Bf8 11.Ne1 Ng7 12.Nd3 f5 13.f3 Be7 14.Qd2 a5 15.Rae1 Rf8 16.Bh6 Nf6
17.c5 Kh8 18.cxd6 cxd6 19.exf5 gxf5 20.Be3 b5 21.Nxb5 Nxd5 22.Bf2 Bb7 23.f4 Nf6
24.Be3 Nd5 25.Bf2 Qd7 26.a4 Qc6 27.Bf3 e4 28.Bg2 Qd7 29.Nc1 Nb4 30.Rd1 d5
31.Nb3 Nd3 32.Bd4 Kg8 33.Kh1 Ne6 34.Bg1 Bc6 35.Qe2 Bxb5 36.axb5 Qxb5 37.Rxd3 Qxd3
38.Qxd3 exd3 39.Bxd5 Kg7 40.Bxe6 Bf6 41.Nd4 Rfd8 42.Nxf5+ Kg6 43.b3 d2 44.Rd1 a4
45.bxa4 Rxa4 46.Ne3 Ra1 47.Bf5+ Kg7 48.Rxa1 Bxa1 49.Nd1 h5 50.Kg2 Kf6 51.Be4 Ke6
52.Bf3 h4 53.Bb6 Rd3 54.Be3 Bf6 55.g4 Bd4 56.Be2 Rxe3 57.Nxe3 Bxe3 58.Kf3 Bg1
59.h3 Kf6 60.Bd1 Bd4 61.Bc2 Kg7 62.g5 Bc5 63.Kg4 Bf2 64.f5 Bd4 65.Kxh4 Bc3
66.Kg4 Ba1 67.h4 Bb2 68.h5 d1=B+ 69.Bxd1 Kh7 70.f6 Bc3 71.Kf5 Bd2 72.g6+  1-0

[Event "FSIM Sept 2012"]
[Site "Budapest HUN"]
[Date "2012.09.04"]
[Round "4.2"]
[White "Wunnink,M"]
[Black "Galyas,M"]
[Result "1/2-1/2"]
[WhiteElo "2265"]
[BlackElo "2429"]

1.d4 Nf6 2.c4 g6 3.Nc3 Bg7 4.e4 d6 5.Nf3 O-O 6.Be2 Nbd7 7.O-O e5 8.Be3 Re8
9.d5 Nh5 10.g3 Bf8 11.Ne1 Ng7 12.Nd3 f5 13.f3 Be7 14.Qd2 Rf8 15.Rac1 Nf6
16.c5 fxe4 17.fxe4 Bh3 18.Rf2 Ng4 19.Bxg4 Bxg4 20.Rxf8+ Bxf8 21.Nb5 a6 22.Na3 Be7
23.Nc4 Ne8  1/2-1/2

[Event "40th Olympiad Open"]
[Site "Istanbul TUR"]
[Date "2012.09.04"]
[Round "7.57"]
[White "Jaiswal,R"]
[Black "Kukk,S"]
[Result "1/2-1/2"]
[WhiteElo "1956"]
[BlackElo "2173"]

1.d4 g6 2.Nf3 Bg7 3.c4 Nf6 4.Nc3 O-O 5.e4 d6 6.Be2 e5 7.O-O exd4 8.Nxd4 Nc6
9.Be3 Re8 10.f3 Nh5 11.f4 Nf6 12.Bf3 Ng4 13.Nxc6 Nxe3 14.Nxd8 Nxd1 15.Rfxd1 Bxc3
16.bxc3 Rxd8 17.e5 Be6 18.Bxb7 Rab8 19.Bd5 dxe5 20.Bxe6 fxe6 21.fxe5 Kf7
22.Rd4 Rxd4 23.cxd4 Rb4 24.Rc1 Rb2 25.d5 Ke7 26.Rd1 exd5 27.cxd5 Rxa2 28.Rc1 Kd8
29.e6 Re2 30.Ra1 Re5 31.Rxa7 Rxd5 32.e7+ Kxe7  1/2-1/2

[Event "40th Olympiad Open"]
[Site "Istanbul TUR"]
[Date "2012.09.04"]
[Round "7.54"]
[White "Melas,R"]
[Black "Mesfin,Leykun"]
[Result "1/2-1/2"]
[WhiteElo "2108"]
[BlackElo "2115"]

1.d4 Nf6 2.c4 g6 3.Nc3 Bg7 4.e4 d6 5.Be2 O-O 6.Nf3 e5 7.dxe5 dxe5 8.Qxd8 Rxd8
9.Bg5 c6 10.Nxe5 Re8 11.O-O-O h6 12.Bf4 Na6 13.Nf3 Nxe4 14.Nxe4 Rxe4 15.Rd8+ Kh7
16.Be3 Bf6 17.Rd2 Re8 18.Rhd1 c5 19.Ne1 Bf5 20.a3 Rad8 21.Rxd8 Rxd8 22.Rxd8 Bxd8
23.Bd3 Be6 24.Be4 b6 25.b3 Nc7 26.Kc2 f5 27.Bc6 Bc8 28.Nd3 Ne6 29.b4 cxb4
30.axb4 Bc7 31.f4 Kg7 32.Bd5 g5 33.g3 gxf4 34.Nxf4 Nxf4 35.Bxf4 Bxf4 36.gxf4 Kf6
37.b5 Ke7 38.Kc3 Kd6 39.Kd4 Bd7 40.Bf3 Be6 41.Bb7 Bd7 42.Bf3 Bc8 43.Bd5 Bd7  1/2-1/2

[Event "14th Trieste Open A"]
[Site "Trieste ITA"]
[Date "2012.09.04"]
[Round "5"]
[White "Kragelj,I"]
[Black "Ivanovic,An"]
[Result "1/2-1/2"]
[WhiteElo "2192"]
[BlackElo "2107"]

1.d4 Nf6 2.c4 g6 3.Nc3 Bg7 4.e4 d6 5.Nf3 O-O 6.Be2 Na6 7.O-O e5 8.Be3 Ng4
9.Bg5 Qe8 10.dxe5 dxe5 11.h3 h6 12.Bd2 Nf6 13.Be3 Qe7 14.a3 c6 15.b4 Nh5
16.Re1 Nf4 17.Bxf4 exf4 18.e5 Bf5 19.Bf1 Rfd8 20.Qc1 g5 21.Ne4 Bxe4 22.Rxe4 Nc7
23.c5 Rd7 24.Qc2 Rad8 25.Rae1 Ne6 26.Bc4 h5 27.Bxe6 fxe6 28.h4 g4 29.Ng5 Rf8
30.Qc4 Rd5 31.Rxf4 Bxe5 32.Rxf8+ Kxf8 33.Qe4 Ke8 34.Qg6+ Kd7 35.Qxh5 g3 36.fxg3 Bxg3
37.Rf1 Rf5 38.Rxf5 exf5 39.Qd1+ Kc8 40.Nf3 Bxh4 41.Nxh4 Qxh4  1/2-1/2

[Event "40th Olympiad Open"]
[Site "Istanbul TUR"]
[Date "2012.09.05"]
[Round "8.38"]
[White "Molina,Jo"]
[Black "Bibasa,B"]
[Result "1/2-1/2"]
[WhiteElo "2180"]
[BlackElo "2213"]

1.d4 Nf6 2.Nf3 g6 3.c4 Bg7 4.Nc3 O-O 5.e4 d6 6.Be2 e5 7.dxe5 dxe5 8.Qxd8 Rxd8
9.Bg5 Re8 10.O-O-O Bg4 11.h3 Bxf3 12.Bxf3 h6 13.Be3 c6 14.Rd2 Nbd7 15.Rhd1 Nf8
16.g3 Ne6 17.Bg2 g5 18.f3 Bf8 19.Rh1 Bc5 20.Bxc5 Nxc5 21.Bf1 Rad8 22.Be2 Rxd2
23.Kxd2 Rd8+ 24.Ke3 Ne6 25.h4 Nd4 26.hxg5 hxg5 27.Bd1 Kg7 28.Rh2 b6 29.Ba4 a6
30.Bd1 b5 31.cxb5 axb5 32.a3 c5 33.f4 gxf4+ 34.gxf4 exf4+ 35.Kxf4 b4 36.axb4 cxb4
37.Rg2+ Kf8 38.Nd5 Nxd5+ 39.exd5 Rxd5 40.Ke4 Rd8 41.Rd2 f5+ 42.Ke3 Ne6 43.Rxd8+ Nxd8
44.Kf4 Ke7 45.Kxf5 Kd6 46.Ke4 Kc5 47.Kd3 Nc6 48.Kc2 Nd4+ 49.Kd3 Nc6 50.Kc2 Ne5
51.Bh5 Nc4 52.Bf7 Ne3+ 53.Kd3 Ng2 54.Bg8 Ne1+ 55.Kd2 Nf3+ 56.Kd3 Ne5+ 57.Kc2 Nc6
58.Kd3 Na5 59.Bf7  1/2-1/2

[Event "5th Sabadell Open A"]
[Site "Sabadell ESP"]
[Date "2012.09.05"]
[Round "7"]
[White "Clavijo,J"]
[Black "Jimenez Fraga,P"]
[Result "0-1"]
[WhiteElo "2319"]
[BlackElo "2446"]

1.d4 Nf6 2.c4 d6 3.Nf3 g6 4.Nc3 Bg7 5.e4 O-O 6.Be2 e5 7.O-O Na6 8.Be3 Ng4
9.Bg5 f6 10.Bc1 c6 11.h3 Nh6 12.a3 Nf7 13.b4 exd4 14.Nxd4 Bd7 15.Rb1 Re8
16.Be3 Re7 17.Qd2 Qe8 18.c5 dxc5 19.bxc5 Nxc5 20.Nxc6 Bxc6 21.Bxc5 Rd7 22.Qc2 Qe5
23.Nd5 Bxd5 24.exd5 Rc7 25.Rfe1 b6 26.Bc4 Qf5 27.d6 Qxc2  0-1

[Event "40th Olympiad Open"]
[Site "Istanbul TUR"]
[Date "2012.09.06"]
[Round "9.78"]
[White "Abdyjapar,Asyl"]
[Black "Valenta,V jr"]
[Result "1-0"]
[WhiteElo "2365"]
[BlackElo "2162"]

1.c4 Nf6 2.Nc3 g6 3.Nf3 Bg7 4.d4 O-O 5.e4 d6 6.Be2 e5 7.Be3 Nbd7 8.O-O c6
9.Qd2 Re8 10.dxe5 dxe5 11.a3 Qc7 12.b4 Nf8 13.Rfd1 Ne6 14.h3 Nf4 15.Bf1 Ne6
16.Rac1 Bd7 17.Nd5 cxd5 18.cxd5 Qb8 19.dxe6 Bxe6 20.Ng5 Bb3 21.Re1 h6 22.Qb2 Ba4
23.Nxf7 Kxf7 24.Bc4+ Re6 25.Bxe6+ Kxe6 26.Qa2+ Ke7 27.Bc5+ Ke8 28.Qe6+  1-0

[Event "40th Olympiad Open"]
[Site "Istanbul TUR"]
[Date "2012.09.06"]
[Round "9.16"]
[White "Cheparinov,I"]
[Black "Steel,H"]
[Result "1-0"]
[WhiteElo "2681"]
[BlackElo "2397"]

1.d4 Nf6 2.c4 g6 3.Nc3 Bg7 4.e4 O-O 5.Nf3 d6 6.Be2 e5 7.O-O Na6 8.Re1 c6
9.Bf1 Bg4 10.d5 Nb4 11.Be2 a5 12.h3 Bd7 13.Rb1 Na6 14.Bg5 h6 15.Be3 Ne8 16.Qd2 Kh7
17.dxc6 Bxc6 18.Rbd1 Nf6 19.Qxd6 Qxd6 20.Rxd6 Nxe4 21.Nxe4 Bxe4 22.Bb6 Nb4
23.c5 Bc6 24.Bc4 Nc2 25.Rc1 Nd4 26.Nxd4 exd4 27.Bd5 Be5 28.Bxc6 Bxd6 29.Bxb7 Rab8
30.c6 Bf4 31.Rd1 Rfe8 32.Bxa5 Be5 33.Kf1 Re7 34.b3 Kg7 35.Bb6 f6 36.a4 Rbxb7
37.cxb7 Rxb7 38.a5 Kf7 39.Ke2 Ke6 40.Rc1 Kd5 41.Rc8 Bd6 42.a6 Rxb6 43.a7 d3+
44.Kf3 Ra6 45.a8=Q+ Rxa8 46.Rxa8 Bc7 47.Ra7 Kc6 48.Rxc7+  1-0

[Event "40th Olympiad Open"]
[Site "Istanbul TUR"]
[Date "2012.09.06"]
[Round "9.51"]
[White "Ahmed,Fu"]
[Black "Boikanyo,C"]
[Result "1/2-1/2"]
[WhiteElo "1830"]
[BlackElo "2037"]

1.d4 Nf6 2.Nf3 g6 3.c4 Bg7 4.Nc3 O-O 5.e4 d6 6.Be2 e5 7.O-O exd4 8.Nxd4 Nc6
9.Nxc6 bxc6 10.Bg5 h6 11.Bh4 Rb8 12.Qc2 Be6 13.f4 Qe8 14.Rae1 Qc8 15.f5 Bd7
16.fxg6 fxg6 17.b3 Ng4 18.Rxf8+ Qxf8 19.Rf1 Bd4+ 20.Kh1 Qg7 21.Nd1 Re8 22.h3 g5
23.Bg3 Ne5 24.Bf2 c5 25.Qd2 Nc6 26.Bxd4 Qxd4 27.Qxd4 cxd4 28.Nf2 Ne5 29.Nd3 Kg7
30.Kg1 a5 31.Rc1 c5 32.Kf1 Bc6 33.Nf2 Rf8 34.Ke1 Ng6 35.g3 Ne5 36.Rd1 Rb8
37.Bg4 a4 38.bxa4 Bxa4 39.Rc1 Rb2 40.Be2 Kf6 41.Bd1 Rxf2 42.Kxf2 Nd3+ 43.Kf3 Nxc1
44.Bxa4 Nxa2 45.h4 Ke5 46.Kg4 Kf6 47.Kh5 gxh4 48.gxh4 Kg7 49.Kg4 Nc3 50.Bc2 Na2
51.Kf5 Nb4 52.Bd1 d3 53.Ke6 d2 54.Kxd6 Nd3 55.e5 Nb2 56.Be2 Nxc4+ 57.Kxc5 Nxe5
58.Kd4 Kf6 59.Kc3 Ng6 60.h5 Nf4 61.Kxd2 Kg5 62.Bf3 Kh4 63.Ke1 Kg3 64.Bd1 Nd5
65.Bc2 Ne3 66.Bg6 Ng2+ 67.Kf1 Nf4 68.Kg1  1/2-1/2

[Event "9th LGA Premium Cup"]
[Site "Nuernberg GER"]
[Date "2012.09.06"]
[Round "1.47"]
[White "Hilverda,A"]
[Black "Wiesgickl,G"]
[Result "1-0"]
[WhiteElo "2333"]
[BlackElo "2006"]

1.d4 Nf6 2.c4 g6 3.Nc3 Bg7 4.e4 d6 5.Nf3 O-O 6.Be2 e5 7.O-O exd4 8.Nxd4 Re8
9.f3 Nc6 10.Be3 Nh5 11.Qd2 Nf4 12.Rfd1 Nxe2+ 13.Ndxe2 Be6 14.Nd5 Bxd5 15.cxd5 Ne5
16.Rac1 Rc8 17.Qb4 Qh4 18.b3 Qh5 19.Ng3 Nxf3+ 20.gxf3 Qxf3 21.Qd2 Be5 22.Rf1 Qg4
23.Qf2 Bxg3 24.hxg3 Re7 25.Bd4 Rce8 26.Rc3 f5 27.exf5 Re2 28.Qf4 Qh3 29.Bf2 R8e4
30.Qf3 g5 31.f6 Kf8 32.f7  1-0

[Event "40th Olympiad Open"]
[Site "Istanbul TUR"]
[Date "2012.09.07"]
[Round "10.61"]
[White "Phillips,R"]
[Black "Bravo,Will"]
[Result "1-0"]
[WhiteElo "2257"]
[BlackElo "2291"]

1.d4 Nf6 2.c4 g6 3.Nc3 Bg7 4.e4 d6 5.Be2 O-O 6.Nf3 e5 7.d5 a5 8.a3 Bd7 9.Be3 Ng4
10.Bg5 f6 11.Bh4 Nh6 12.Nd2 Na6 13.f3 Qe8 14.O-O a4 15.Nb5 Bxb5 16.cxb5 Nc5
17.b4 axb3 18.Nxb3 Nf7 19.Bf2 b6 20.Qc2 Bh6 21.a4 Nxa4 22.Qxc7 Qc8 23.Qc6 Qb8
24.Ra3 Rc8 25.Rfa1 Rxc6 26.dxc6 d5 27.exd5 Nd6 28.Rxa4 Rxa4 29.Rxa4 Kf8 30.Ra6 Nc8
31.Nc5 bxc5 32.Bxc5+ Ke8 33.b6 Bf8 34.Bxf8 Nxb6 35.Bc5 Nxd5 36.Bf1 f5 37.Ra7 e4
38.fxe4 fxe4 39.Rd7 Qe5 40.Bc4 Nf6 41.Bf1 Nd5 42.Bc4 Nf6 43.Bf7+  1-0

[Event "40th Olympiad Open"]
[Site "Istanbul TUR"]
[Date "2012.09.07"]
[Round "10.54"]
[White "Murillo,Alex"]
[Black "Aristotelous,V"]
[Result "1-0"]
[WhiteElo "2278"]
[BlackElo "1938"]

1.d4 Nf6 2.c4 g6 3.Nc3 Bg7 4.e4 d6 5.Nf3 O-O 6.Be2 e5 7.d5 Na6 8.Bg5 h6 9.Bh4 g5
10.Bg3 Nc5 11.Nd2 a5 12.h4 Nh7 13.Qc2 f5 14.f3 Bf6 15.hxg5 Bxg5 16.O-O-O Bd7
17.Kb1 b6 18.Rh2 Nf6 19.Rdh1 Qe8 20.Bf2 fxe4 21.Bxc5 bxc5 22.Ndxe4 Nxe4 23.Nxe4 Bf5
24.Bd3 Bxe4 25.Bxe4 Qf7 26.g3 Rab8 27.Qg2 Rb4 28.Rxh6 Bxh6 29.Rxh6 Rfb8 30.Qh3 Rxb2+
31.Kc1 Qg7 32.Qe6+  1-0

[Event "40th Olympiad Open"]
[Site "Istanbul TUR"]
[Date "2012.09.07"]
[Round "10.59"]
[White "Warner,De"]
[Black "Yahi,Mohamed Salem"]
[Result "1-0"]
[WhiteElo "2204"]
[BlackElo "1895"]

1.d4 d6 2.c4 Nf6 3.Nc3 Nbd7 4.e4 e5 5.Nf3 g6 6.Be2 Bg7 7.O-O O-O 8.Be3 Ng4
9.Bg5 f6 10.Bd2 f5 11.Bg5 Ngf6 12.exf5 gxf5 13.dxe5 dxe5 14.Nd5 c6 15.Ne3 Qc7
16.Nxf5 Ng4 17.Nxg7 Kxg7 18.h3 Ngf6 19.Qd2 Rf7 20.Bh6+ Kh8 21.Ng5 Re7 22.Rad1 b6
23.Bg4 Nxg4 24.hxg4 Nf6 25.Qd8+ Qxd8 26.Rxd8+ Re8 27.Rxe8+ Nxe8 28.Nf7+ Kg8
29.Nxe5 Nf6 30.g5 Ng4 31.Nxc6 Nxh6 32.gxh6 Kf7 33.Rd1 Be6 34.Rd8 Rc8 35.Rxc8 Bxc8
36.Nxa7 Bd7 37.Nb5 Kg6 38.b4 Kxh6 39.a4 Kg6 40.a5 bxa5 41.bxa5  1-0

[Event "9th LGA Premium Cup"]
[Site "Nuernberg GER"]
[Date "2012.09.07"]
[Round "2.22"]
[White "Wagner,De"]
[Black "Mader,Ma"]
[Result "1-0"]
[WhiteElo "2445"]
[BlackElo "2222"]

1.d4 Nf6 2.c4 g6 3.Nc3 Bg7 4.e4 d6 5.Nf3 O-O 6.Be2 e5 7.Be3 Ng4 8.Bg5 f6
9.Bh4 exd4 10.Nxd4 h5 11.O-O Nc6 12.h3 Nh6 13.f4 g5 14.Bf2 h4 15.Nxc6 bxc6
16.Be3 Nf7 17.Qd2 Bh6 18.Bh5 Be6 19.b3 Qe7 20.Rae1 a5 21.fxg5 fxg5 22.Bd4 Ne5
23.Bxe5 dxe5 24.Rxf8+ Rxf8 25.Nd1 a4 26.Ne3 axb3 27.axb3 Qc5 28.Bg4 Bxg4
29.hxg4 Rb8 30.Kh2 Qd4 31.Qc2 Bf8 32.Nf5 Qb6 33.Qd2 Qb4 34.Qxg5+  1-0

[Event "9th LGA Premium Cup"]
[Site "Nuernberg GER"]
[Date "2012.09.07"]
[Round "3.10"]
[White "Hoffmann,Micha1"]
[Black "Klundt,K"]
[Result "1/2-1/2"]
[WhiteElo "2479"]
[BlackElo "2347"]

1.d4 Nf6 2.c4 g6 3.Nc3 Bg7 4.e4 O-O 5.Nf3 d6 6.Be2 e5 7.O-O exd4 8.Nxd4 Re8
9.f3 Nc6 10.Be3 Nh5 11.Qd2 Nf4 12.Rfd1 Nxe2+ 13.Ndxe2 f5 14.exf5 Bxf5 15.Nd4 Qd7
16.Nxc6 bxc6 17.Bd4 Bxd4+ 18.Qxd4 Qg7 19.Qxg7+ Kxg7 20.Kf2 Kf7 21.Rd4 Rab8
22.b3 a5 23.Rad1 Rb4 24.h4 h6 25.R1d2  1/2-1/2

[Event "9th LGA Premium Cup"]
[Site "Nuernberg GER"]
[Date "2012.09.07"]
[Round "4.54"]
[White "Werner,T2"]
[Black "Espig,L"]
[Result "0-1"]
[WhiteElo "2022"]
[BlackElo "2329"]

1.d4 Nf6 2.c4 d6 3.Nc3 Nbd7 4.e4 e5 5.Nf3 g6 6.Be2 Bg7 7.O-O O-O 8.Re1 c6
9.d5 Nc5 10.Bf1 a5 11.Rb1 cxd5 12.cxd5 Bd7 13.Nd2 Ne8 14.Nc4 b5 15.Nd2 b4
16.Ne2 Nd3  0-1

[Event "14th Trieste Open A"]
[Site "Trieste ITA"]
[Date "2012.09.08"]
[Round "9"]
[White "Demuth,A"]
[Black "Boscolo,F"]
[Result "1-0"]
[WhiteElo "2476"]
[BlackElo "2330"]

1.d4 Nf6 2.c4 g6 3.Nc3 Bg7 4.e4 d6 5.Nf3 O-O 6.Be2 e5 7.dxe5 dxe5 8.Qxd8 Rxd8
9.Nd5 Nxd5 10.cxd5 c6 11.Bc4 cxd5 12.Bxd5 Nc6 13.Bg5 Re8 14.O-O-O Bg4 15.Kb1 Rac8
16.Be3 b6 17.Ng5 Nd8 18.f3 Be6 19.Nxe6 Nxe6 20.Bxe6 Rxe6 21.Rd7 Bf8 22.Rxa7 Bc5
23.Rc1 Rec6 24.Bxc5 bxc5 25.Rd7 c4 26.Kc2 Rb6 27.Kc3  1-0

[Event "40th Olympiad Open"]
[Site "Istanbul TUR"]
[Date "2012.09.09"]
[Round "11.49"]
[White "Perera,WC"]
[Black "Pitterson,J"]
[Result "1/2-1/2"]
[WhiteElo "2110"]
[BlackElo "2221"]

1.d4 Nf6 2.c4 g6 3.Nc3 Bg7 4.e4 d6 5.Nf3 O-O 6.Be2 e5 7.O-O Na6 8.Be3 c6
9.a3 Ng4 10.Bg5 f6 11.Bh4 g5 12.Bg3 Nh6 13.Qd2 Nc7 14.d5 c5 15.b4 b6 16.Rfb1 g4
17.Nh4 f5 18.exf5 Nxf5 19.Nxf5 Bxf5 20.Rb3 Qf6 21.Re1 h5 22.f3 Bh6 23.Qd1 h4
24.Bf2 g3 25.hxg3 hxg3 26.Bxg3 Qg6 27.Ne4 Rae8 28.Bf1 Re7 29.bxc5 bxc5 30.Bh2 Rh7
31.Qb1 Qh5 32.Rb8 Qxh2+ 33.Kxh2 Be3+ 34.Kg3 Rg7+ 35.Kh2 Rh7+  1/2-1/2

[Event "9th LGA Premium Cup"]
[Site "Nuernberg GER"]
[Date "2012.09.09"]
[Round "6.17"]
[White "Graf,F"]
[Black "Heinig,Wo"]
[Result "0-1"]
[WhiteElo "2449"]
[BlackElo "2304"]

1.d4 Nf6 2.c4 d6 3.Nf3 g6 4.Nc3 Nbd7 5.e4 e5 6.Be2 Bg7 7.O-O O-O 8.Be3 Ng4
9.Bg5 f6 10.Bd2 Nh6 11.Qc2 c6 12.d5 c5 13.Nb5 Nf7 14.a3 a6 15.Nc3 Bh6 16.b4 Bxd2
17.Nxd2 Nh6 18.Na4 b6 19.Rab1 f5 20.Rb3 fxe4 21.Nxe4 Nf5 22.Qd2 b5 23.Nb2 Nd4
24.Re3 cxb4 25.axb4 Nb6 26.f4 Bf5 27.fxe5 dxe5 28.Nc5 Qd6 29.Re1 Nc2 30.g4 Nxe3
31.Qxe3 Bd7 32.Rd1 bxc4 33.Bxc4 Bxg4 34.Rd2 Nxc4 35.Nxc4 Qf6 36.Rf2 Qxf2+
37.Qxf2 Rxf2 38.Kxf2 Bf5 39.d6 e4 40.Ke3 Kf7 41.Kd4 h5 42.Nb6 Rd8 43.Nc4 Kf6
44.Nxa6 Be6 45.Nc5 Bxc4 46.Kxc4 Ke5 47.d7 g5 48.Kc3 g4 49.Kd2 h4 50.Ke2 Kd5
51.Ke3 g3 52.hxg3 hxg3 53.Nxe4 g2 54.Nc3+ Kc4 55.Ne2 Rxd7 56.Kf3 Rd2 57.Ng1 Kxb4
58.Kg3 Kc4 59.Kh2 Kd3 60.Nf3 Re2 61.Nh4 Ke3 62.Nxg2+ Kf3 63.Kh1 Kg3  0-1

[Event "9th LGA Premium Cup"]
[Site "Nuernberg GER"]
[Date "2012.09.09"]
[Round "7.10"]
[White "Bluebaum,M"]
[Black "Heinig,Wo"]
[Result "1/2-1/2"]
[WhiteElo "2433"]
[BlackElo "2304"]

1.d4 Nf6 2.c4 d6 3.Nf3 g6 4.Nc3 Bg7 5.e4 O-O 6.Be2 e5 7.Be3 exd4 8.Nxd4 Re8
9.f3 c6 10.Qd2 d5 11.exd5 cxd5 12.O-O-O Nc6 13.Rhe1 dxc4 14.Bxc4 Na5 15.Bf1 a6
16.b4 Nc6 17.Nxc6 Qxd2+ 18.Bxd2 bxc6 19.Bc4 Be6 20.Bxe6 fxe6 21.Ne4 Nd5 22.Kc2 Bf8
23.Rb1 Rec8 24.Kd3 Be7 25.Rec1 Kf7 26.a3 Rab8 27.Ke2 Ke8 28.Bg5 Bf8 29.Bd2 Kd7
30.Ra1 Be7 31.Ra2 Rb7 32.Rac2 Rb5 33.Rc4 Nb6 34.R4c3 Nd5 35.R3c2 Rb7 36.Kf2 Rb5
37.Rc4 Nb6 38.R4c2 Nd5 39.h3 Rb7 40.Nc5+ Bxc5+ 41.Rxc5 Rb5 42.R5c4 Kd6 43.Kg3 Rb7
44.Be1 Rb5 45.Bf2 Rb7 46.Rd1 Rf7 47.Kh2 Kd7 48.Rdc1 Rf5 49.Rc5 Ne7 50.R5c4 Rd5
51.Bc5 Nf5 52.R1c2 Rd3 53.R4c3 Rd5 54.Re2 Nd6 55.g4 Re8 56.Kg3 e5 57.Kf2 Re6
58.Kg3 Re8 59.Rce3 Nb7 60.Bb6 Nd6 61.Rc3 Nb5 62.Rce3 Nd6 63.Rc2 Rb8 64.Ba7 Ra8
65.Bc5 Re8 66.Bxd6 Kxd6 67.Rec3 Rc8 68.Kf2 a5 69.bxa5  1/2-1/2

[Event "3rd Livigno Open A"]
[Site "Livigno ITA"]
[Date "2012.09.11"]
[Round "2.23"]
[White "Iasman,I"]
[Black "Sreeves,C"]
[Result "0-1"]
[WhiteElo "2002"]
[BlackElo "2220"]

1.d4 Nf6 2.c4 g6 3.Nc3 Bg7 4.e4 d6 5.Be2 O-O 6.Nf3 e5 7.Be3 exd4 8.Nxd4 c6
9.h3 Re8 10.Bf3 Nbd7 11.Nb3 Ne5 12.Qe2 Be6 13.Nd2 d5 14.exd5 cxd5 15.Bxd5 Nxd5
16.cxd5 Bxd5 17.Nxd5 Qxd5 18.O-O Nd3 19.Qf3 Qxf3 20.Nxf3 Nxb2 21.Rab1 b6
22.Rfc1 Rac8 23.Bd4 Na4 24.Bxg7 Kxg7 25.Nd4 Nc3 26.Rb2 Ne2+ 27.Nxe2 Rxe2
28.Rxe2 Rxc1+ 29.Kh2 Rc3 30.Rb2 Kf6 31.g3 Ke5 32.Kg2 Rc7 33.Kf3 Kd4 34.Ke2 Re7+
35.Kd2 Kc4 36.Rb3 b5 37.Rf3 b4 38.Rf4+ Kb5 39.Kc2 Ka4 40.Rf3 f5 41.g4 Re5
42.Kb2 a5 43.Kb1 Kb5 44.a3 Ka4 45.axb4 axb4 46.gxf5 Rxf5 47.Rd3 Rxf2 48.Rd7 h5
49.Rd6 Rg2 50.Rf6 Ka3  0-1